LEADER 01063nam0-2200361---450 001 990010043370403321 005 20210125090915.0 035 $a001004337 035 $aFED01001004337 035 $a(Aleph)001004337FED01 035 $a001004337 100 $a20160217d2012----km-y0itay50------ba 101 0 $aita 102 $aIT 105 $a--------001yy 200 1 $aEsperienze e casi di turismo sostenibile$fa cura di Salvatore Messina, Vito Roberto Santamato 210 $aMilano$cFrancoAngeli$d2012 215 $a343 p.$cfig.$d20 cm 225 1 $aEconomia$iricerche$v995 610 0 $aTurismo$aSviluppo sostenibile 676 $a306.4819$v22$zita 676 $a338.4791$v22$zita 700 1$aMessina,$bSalvatore$0403672 701 1$aSantamato,$bVito Roberto$0471285 801 0$aIT$bUNINA$gRICA$2UNIMARC 901 $aBK 912 $a990010043370403321 952 $a306.4819 MES 1$fBFS 952 $aAZHM12A$b3096$fDECBC 959 $aBFS 959 $aDECBC 996 $aEsperienze e casi di turismo sostenibile$91764841 997 $aUNINA LEADER 01443nam0-2200313 --450 001 9910746777603321 005 20231027151118.0 100 $a20231027d kmuy0itay5050 ba 101 0 $aita 102 $aIT 105 $a 001yy 200 1 $aOnomasticon Arabicum, ossia Repertorio alfabetico dei nomi di persona e di luogo contenuti nelle principali opere storiche, biografiche e geografiche, stampate e manoscritte, relative all'Isl?m$fcompilato per cura di Leone Caetani e Giuseppe Gabrieli 210 $aRoma$cCasa editrice italiana 215 $av.$d34 cm. 517 1 $aRepertorio alfabetico dei nomi di persona e di luogo contenuti nelle principali opere storiche, biografiche e geografiche, stampate e manoscritte relative all'Islam 610 0 $aNomi propri di persona arabi$aRepertori 610 0 $aToponimi arabi$aRepertori 610 0 $aNomi propri$aPaesi islamici$aRepertori 676 $a929.4409174927$v19 700 1$aCaetani,$bLeone$0455815 701 1$aGabrieli,$bGiuseppe$0220920 801 0$aIT$bUNINA$gREICAT$2UNIMARC 901 $aBK 912 $a9910746777603321 952 $aDFT G45 CAEL 10 (1)$fFLFBC 952 $aDFT G45 CAEL 10 (2)$fFLFBC 959 $aFLFBC 996 $aOnomasticon Arabicum, ossia Repertorio alfabetico dei nomi di persona e di luogo contenuti nelle principali opere storiche, biografiche e geografiche, stampate e manoscritte, relative all'Islam$91406991 997 $aUNINA